Stratégia samosprávnych územných celkov

Bibliographic Details
Main Authors: Hamalová, Marta, 1939- (Author), Žárska, Elena, 1955- (Author)
Format: Book
Language:Slovak
PhysicalDescription:84 s. sch. 29 cm
Published: Bratislava Ekonomická univerzita 1992
ISBN:8022503703
Edition:1. vyd.
Series:Vysokoškolské skriptá
Subjects:

MARC

LEADER 00000cam a2200000 a 4500
001 vtls001069757
003 SK-MaSNL
005 20260301061957.0
008 240513s1992 xo a frnp 000 0 slo
015 |a SNBA1992/12 
020 |a 8022503703 
035 |a SNK000012587 
035 |a urn:nbn:sk:snk-amlkkb 
035 |a urn:nbn:sk:snk-am00bpgq 
035 |a E6ED5582-EACC-4764-AEE0-70E1DF0D2642 
040 |a SNK  |b slo  |c SNK  |e AACR2 
041 0 |a slo 
044 |a xo  |c SK 
080 |a 352(075.8)  |2 1981 
100 1 |a Hamalová, Marta,  |d 1939-  |4 aut  |9 121958 
245 1 0 |a Stratégia samosprávnych územných celkov  |c Marta Hamalová, Elena Žárska 
250 |a 1. vyd. 
260 |a Bratislava  |b Ekonomická univerzita  |c 1992  |e Bratislava  |f Edičné stredisko EU 
300 |a 84 s.  |b sch.  |c 29 cm 
366 |e 250 výt. 
490 1 |a Vysokoškolské skriptá 
650 0 7 |a samosprávne kraje  |2 SNKPH  |9 58408 
650 0 7 |a stratégie  |2 SNKPH  |9 49778 
655 7 |a učebnice vysokých škôl  |2 SNKPH  |9 70191 
655 7 |a Textbooks (higher)  |2 SNKPHeng  |9 276436 
700 1 |a Žárska, Elena,  |d 1955-  |4 aut  |9 216302 
830 0 |a Vysokoškolské skriptá  |9 276440 
852 |a Slovenská národná knižnica 
919 |a 80-225-0370-3 
954 |a odborná, vedecká literatúra pôvodná (slovenská)  |2 lita 
958 0 7 |a RM 
958 0 7 |a UV 
999 |c 618992  |d 620922 
952 |t P60, <04>, [BOOK], {604}  |a SNK  |b SNK  |y VYP  |7 0  |p 17A0056006  |o snkSB 50132 D1  |0 0  |1 0  |4 0  |d 1997-03-12  |l 0  |r 2004-12-31 00:00:00  |w 2026-02-23 
952 |a SNK  |b SNK  |y PREZ  |7 0  |p 17A0919911  |o snkSB 50132  |0 0  |1 0  |4 0  |d 2012-07-16  |f 1  |l 0  |r 2025-03-05 00:00:00  |w 2026-02-23